| 000 | 00523nam a2200217 454500 | ||
|---|---|---|---|
| 001 | 043123 | ||
| 003 | BD-ChCU | ||
| 008 | Eng | ||
| 020 | _ax | ||
| 040 |
_aDLC _cDLC _dBD-ChCU |
||
| 082 | 0 | 0 | _a543.089/S774i |
| 100 | 1 |
_aSrivastava, V.K. _bKishore, K. |
|
| 245 | 1 | 0 |
_aIntroduction to chromatgraphy _bTheory and practice |
| 250 | _a4 | ||
| 260 |
_aNew Delhi _bS. Chand _c1999 |
||
| 300 | _a1(4), 154 | ||
| 504 | _ax | ||
| 650 | 0 |
_aChemistry, analytic. _bChemistry, analytic. |
|
| 700 | 1 | _ax | |
| 942 |
_2ddc _cBK |
||
| 999 |
_c43123 _d43123 |
||